Library Logo

The Analysis of Starlight : (Record no. 236430)

000 -LEADER
fixed length control field 02145nam a22003138a 4500
001 - CONTROL NUMBER
control field CR9781139382779
003 - CONTROL NUMBER IDENTIFIER
control field UkCbUP
005 - DATE AND TIME OF LATEST TRANSACTION
control field 20180107143411.0
006 - FIXED-LENGTH DATA ELEMENTS--ADDITIONAL MATERIAL CHARACTERISTICS
fixed length control field m|||||o||d||||||||
007 - PHYSICAL DESCRIPTION FIXED FIELD--GENERAL INFORMATION
fixed length control field cr||||||||||||
008 - FIXED-LENGTH DATA ELEMENTS--GENERAL INFORMATION
fixed length control field 120411s2014||||enk s ||1 0|eng|d
020 ## - INTERNATIONAL STANDARD BOOK NUMBER
International Standard Book Number 9781139382779 (ebook)
020 ## - INTERNATIONAL STANDARD BOOK NUMBER
Canceled/invalid ISBN 9781107031746 (hardback)
040 ## - CATALOGING SOURCE
Original cataloging agency UkCbUP
Transcribing agency UkCbUP
Description conventions rda
050 00 - LIBRARY OF CONGRESS CALL NUMBER
Classification number QB465
Item number .H43 2014
082 00 - DEWEY DECIMAL CLASSIFICATION NUMBER
Classification number 522/.6709
Edition number 23
100 1# - MAIN ENTRY--PERSONAL NAME
Personal name Hearnshaw, John B.,
Relator term author.
245 14 - TITLE STATEMENT
Title The Analysis of Starlight :
Remainder of title Two Centuries of Astronomical Spectroscopy / [electronic resource]
Statement of responsibility, etc. John B. Hearnshaw.
250 ## - EDITION STATEMENT
Edition statement 2nd ed.
264 #1 - PRODUCTION, PUBLICATION, DISTRIBUTION, MANUFACTURE, AND COPYRIGHT NOTICE
Place of production, publication, distribution, manufacture Cambridge :
Name of producer, publisher, distributor, manufacturer Cambridge University Press,
Date of production, publication, distribution, manufacture, or copyright notice 2014.
300 ## - PHYSICAL DESCRIPTION
Extent 1 online resource (382 pages) :
Other physical details digital, PDF file(s).
336 ## - CONTENT TYPE
Content type term text
Content type code txt
Source rdacontent
337 ## - MEDIA TYPE
Media type term computer
Media type code c
Source rdamedia
338 ## - CARRIER TYPE
Carrier type term online resource
Carrier type code cr
Source rdacarrier
500 ## - GENERAL NOTE
General note Title from publisher's bibliographic system (viewed on 09 Oct 2015).
520 ## - SUMMARY, ETC.
Summary, etc. First published in 1986, this is the story of the analysis of starlight by astronomical spectroscopy. Beginning with Joseph Fraunhofer's discovery of spectral lines in the early nineteenth century, this new edition continues the story through to the year 2000. In addition to the key discoveries, it presents the cultural and social history of stellar astrophysics by introducing the leading astronomers and their struggles, triumphs and disagreements. Basic concepts in spectroscopy and spectral analysis are included, so both observational and theoretical aspects are described, in a non-mathematical framework. This new edition covers the final decades of the twentieth century, with its major advances in stellar astrophysics: the discovery of extrasolar planets, new classes of stars and the observation of the ultraviolet spectra of stars from satellites. The in-depth coverage makes it essential reading for graduate students working in stellar spectroscopy, professional and amateur astronomers, and historians of science.
776 08 - ADDITIONAL PHYSICAL FORM ENTRY
Relationship information Print version:
International Standard Book Number 9781107031746
856 40 - ELECTRONIC LOCATION AND ACCESS
Uniform Resource Identifier http://dx.doi.org/10.1017/CBO9781139382779
Public note Cambridge Books Online

No items available.

Last Updated on September 15, 2019
© Dhaka University Library. All Rights Reserved|Staff Login